[Event "I Weekend A"]
[Site "Civitanova Marche ITA"]
[Date "2011.07.22"]
[Round "1"]
[White "Buratti, Ettore"]
[Black "Allegranti, Luca"]
[WhiteElo "1846"]
[BlackElo "2025"]
[Result "0-1"]
[PlyCount "46"]
[EventDate "2011.07.22"]

1. e4 e6 2. Qe2 c5 3. Nf3 Nc6 4. g3 Be7 5. Bg2 d6 6. O-O Bf6 7. c3 Nge7 8. d3
O-O 9. Bg5 Ng6 10. Bxf6 Qxf6 11. Nbd2 e5 12. Qe3 Bg4 13. h3 Bd7 14. Nh2 Qe7 15.
Rad1 f5 16. exf5 Bxf5 17. Ne4 Rad8 18. h4 Qd7 19. Ng5 Nge7 20. Qe2 h6 21. Ne4
b6 22. Qh5 d5 23. g4 Bg6 0-1

[Event "I Weekend A"]
[Site "Civitanova Marche ITA"]
[Date "2011.07.22"]
[Round "1"]
[White "Gattafoni, Alessio"]
[Black "Miandro, Steven"]
[WhiteElo "1995"]
[BlackElo "1834"]
[Result "1/2-1/2"]
[PlyCount "71"]
[EventDate "2011.07.22"]

1. e4 c5 2. Nc3 Nc6 3. Nf3 d6 4. g3 g6 5. Bg2 Bg7 6. O-O e6 7. d3 Nge7 8. Be3
Nd4 9. Bxd4 cxd4 10. Ne2 Qb6 11. Rb1 O-O 12. Nd2 Bd7 13. c3 dxc3 14. bxc3 Qa6
15. Qc2 Rac8 16. Rfc1 Rc7 17. c4 Rfc8 18. Qb3 Nc6 19. a3 Nd4 20. Nxd4 Bxd4 21.
Nf3 Bg7 22. Re1 Ba4 23. Qb4 Bc2 24. Rbc1 Bxd3 25. Nd2 Bxc4 26. Nxc4 Rxc4 27.
Bf1 Rxc1 28. Bxa6 Rxe1+ 29. Qxe1 bxa6 30. Qb4 Rc1+ 31. Kg2 Ra1 32. Qb8+ Bf8 33.
Qb2 Bg7 34. Qb8+ Bf8 35. Qb2 Bg7 36. Qb8+ 1/2-1/2

[Event "I Weekend A"]
[Site "Civitanova Marche ITA"]
[Date "2011.07.22"]
[Round "1"]
[White "Giancotti, Eraldo"]
[Black "Dietrich, Stefano"]
[WhiteElo "2070"]
[BlackElo "1857"]
[Result "1-0"]
[PlyCount "91"]
[EventDate "2011.07.22"]

1. Nf3 d5 2. c4 Nf6 3. cxd5 Nxd5 4. g3 g6 5. Bg2 Bg7 6. O-O O-O 7. d3 c5 8. Qb3
Nc6 9. Nbd2 Rb8 10. a3 Na5 11. Qc2 b6 12. Ne4 Bb7 13. Bg5 h6 14. Bd2 Nc6 15. e3
Qd7 16. Rfd1 Rfc8 17. Rac1 Ne5 18. Nxe5 Bxe5 19. Be1 Qg4 20. Qb3 Qe6 21. Nd2
Qd7 22. Nc4 Bg7 23. e4 Nf6 24. Ne5 Qe8 25. Nxg6 Kh7 26. Nf4 b5 27. Qc2 e5 28.
Ne2 Kg8 29. Bh3 Rc6 30. b3 Bc8 31. Bg2 Bb7 32. Qb2 Nd7 33. Rc2 Qe6 34. Bc3 c4
35. dxc4 bxc4 36. b4 Nb6 37. Qa1 Na4 38. Be1 Rc7 39. Nc3 Bc6 40. Nd5 Bxd5 41.
Rxd5 f5 42. exf5 Qxf5 43. Qd1 Rf8 44. Re2 c3 45. Be4 Qc8 46. Qxa4 1-0

[Event "I Weekend A"]
[Site "Civitanova Marche ITA"]
[Date "2011.07.22"]
[Round "1"]
[White "Iaconi, Andrea"]
[Black "Sagripanti, Michele"]
[WhiteElo "1832"]
[BlackElo "1990"]
[Result "1/2-1/2"]
[PlyCount "140"]
[EventDate "2011.07.22"]

1. e4 e6 2. d4 d5 3. Nc3 Nf6 4. Bg5 Be7 5. e5 Nfd7 6. Bxe7 Qxe7 7. Nf3 O-O 8.
Bd3 c5 9. Nb5 Nc6 10. c3 a6 11. Na3 cxd4 12. cxd4 f6 13. exf6 Qxf6 14. O-O Kh8
15. Nc2 e5 16. dxe5 Ndxe5 17. Nxe5 Nxe5 18. Be2 Be6 19. Qd4 Rac8 20. Qd2 d4 21.
Nb4 a5 22. Nc2 d3 23. Bxd3 Rfd8 24. Ne1 Bc4 25. Rc1 Nxd3 26. Nxd3 Rxd3 27. Qxd3
Qe6 28. Qc3 b6 29. Rfe1 Qg8 30. Qe5 Bf7 31. Rc7 Re8 32. Re7 Rxe7 33. Qxe7 Bxa2
34. Qe8 h6 35. Qxg8+ Kxg8 36. Re8+ Kf7 37. Rb8 b5 38. Rxb5 a4 39. Ra5 Bb3 40.
h4 Ke6 41. f4 Kf6 42. Kf2 Ke6 43. Ke3 Kf6 44. g4 Bd1 45. g5+ hxg5 46. hxg5+ Kg6
47. Kd4 Bb3 48. Ke5 Bc2 49. Ra6+ Kh5 50. Ra7 Kg6 51. f5+ Bxf5 52. Rxg7+ Kxg7
53. Kxf5 Kf7 54. g6+ Kg7 55. Kg5 Kg8 56. Kf6 Kf8 57. Ke6 Kg7 58. Kd5 Kxg6 59.
Kc4 Kf6 60. Kb5 Ke6 61. Kxa4 Kd6 62. Kb5 Kc7 63. Ka6 Kc6 64. b4 Kc7 65. b5 Kb8
66. Kb6 Ka8 67. Kc6 Kb8 68. Kc5 Kc7 69. b6+ Kb8 70. Kc6 Kc8 1/2-1/2

[Event "I Weekend A"]
[Site "Civitanova Marche ITA"]
[Date "2011.07.22"]
[Round "1"]
[White "Laketic, Gojko"]
[Black "Fratini, Mauro"]
[WhiteElo "2439"]
[BlackElo "1866"]
[Result "1-0"]
[PlyCount "73"]
[EventDate "2011.07.22"]

1. d4 d5 2. c4 Nf6 3. cxd5 Nxd5 4. e4 Nb6 5. Nc3 e6 6. Be3 Be7 7. Nf3 N8d7 8.
Qd2 Nf6 9. h3 Bd7 10. Ne5 Bb4 11. Bd3 Qe7 12. a3 Bxc3 13. Qxc3 c6 14. O-O h6
15. a4 Nc8 16. b4 Nd6 17. f3 O-O 18. Qe1 Rfd8 19. b5 cxb5 20. Nxd7 Nxd7 21.
axb5 Nb6 22. Qb4 Nf5 23. Qxe7 Nxe7 24. Ra3 Rdc8 25. Rfa1 Nc4 26. Bxc4 Rxc4 27.
Rxa7 Rxa7 28. Rxa7 Rc7 29. Bf4 Rd7 30. Kf2 f6 31. Bc1 Kf7 32. Ba3 Nc8 33. Ra8
Nd6 34. Bxd6 Rxd6 35. Ke3 Rb6 36. Ra5 Ke7 37. e5 1-0

[Event "I Weekend A"]
[Site "Civitanova Marche ITA"]
[Date "2011.07.22"]
[Round "1"]
[White "Vesce, Emanuele"]
[Black "Mandolini, Riccardo"]
[WhiteElo "1865"]
[BlackElo "2119"]
[Result "1/2-1/2"]
[PlyCount "103"]
[EventDate "2011.07.22"]

1. e4 Nc6 2. Nf3 e5 3. Bc4 Bc5 4. d4 Bxd4 5. Nxd4 Nxd4 6. Be3 Ne6 7. O-O Nf6 8.
f4 exf4 9. e5 d5 10. exf6 dxc4 11. fxg7 Nxg7 12. Qxd8+ Kxd8 13. Rxf4 Nf5 14.
Bd4 Rg8 15. Bf6+ Ke8 16. Nc3 Be6 17. Nb5 Kd7 18. Rd1+ Kc6 19. Nd4+ Nxd4 20.
Bxd4 Rg4 21. Rxg4 Bxg4 22. Rf1 Be6 23. Rf6 Kd5 24. Bc3 c5 25. Rh6 Bf5 26. Rh5
Ke6 27. g4 Bxc2 28. Rxc5 Bd3 29. Rc7 b5 30. Rb7 a6 31. Rb6+ Kd5 32. Rf6 Ra7 33.
Rf4 a5 34. a3 b4 35. axb4 a4 36. Bd4 a3 37. bxa3 Rxa3 38. b5 Rb3 39. b6 Be4 40.
Bf6 Rxb6 41. Kf2 Rb3 42. Bg7 Rh3 43. Rxf7 Rxh2+ 44. Ke3 Bd3 45. Rd7+ Ke6 46.
Rd4 Rc2 47. g5 Bf1 48. Re4+ Kd5 49. Re5+ Kd6 50. Kd4 c3 51. Rd5+ Ke6 52. Rc5
1/2-1/2

[Event "I Weekend A"]
[Site "Civitanova Marche ITA"]
[Date "2011.07.22"]
[Round "2"]
[White "Allegranti, Luca"]
[Black "Perogio, Lorenzo"]
[WhiteElo "2025"]
[BlackElo "1883"]
[Result "1-0"]
[PlyCount "81"]
[EventDate "2011.07.22"]

1. d4 d6 2. e4 Nf6 3. Nc3 c6 4. h3 e5 5. dxe5 dxe5 6. Qxd8+ Kxd8 7. Nf3 Nbd7 8.
Ng5 Ke8 9. Bc4 Bb4 10. Bxf7+ Ke7 11. Bb3 h6 12. Nf3 Nxe4 13. O-O Nxc3 14. bxc3
Bxc3 15. Ba3+ Kf6 16. Rad1 Kg6 17. Rd3 Ba5 18. Rfd1 Nf6 19. Nxe5+ Kh7 20. Nf7
Re8 21. Nd6 Rd8 22. Bb2 Rf8 23. Rf3 Nd7 24. Nxc8 Rxf3 25. gxf3 Nc5 26. Ne7 Re8
27. Nf5 Bb6 28. Ne3 a5 29. Bd4 a4 30. Bxc5 Bxc5 31. Bxa4 Bxe3 32. fxe3 Rxe3 33.
Kf2 Rc3 34. Rd3 Rc5 35. Bb3 Rh5 36. f4 c5 37. Be6 b5 38. Kg3 c4 39. Rd5 g5 40.
fxg5 hxg5 41. Rxb5 1-0

[Event "I Weekend A"]
[Site "Civitanova Marche ITA"]
[Date "2011.07.22"]
[Round "2"]
[White "Marsili, Riccardo"]
[Black "De Ciantis, David"]
[WhiteElo "1962"]
[BlackElo "1620"]
[Result "1-0"]
[PlyCount "61"]
[EventDate "2011.07.22"]

1. e4 c5 2. Nf3 d6 3. d4 cxd4 4. Nxd4 Nf6 5. Nc3 a6 6. f3 e6 7. Be3 Nc6 8. Qd2
Be7 9. O-O-O Qc7 10. g4 Nxd4 11. Bxd4 O-O 12. h4 b5 13. h5 Bb7 14. g5 Nd7 15.
g6 b4 16. Ne2 Rac8 17. Bh3 Bg5 18. f4 Bxe4 19. c3 bxc3 20. Bxc3 Nc5 21. Qe3
Bxh1 22. fxg5 Bd5 23. gxh7+ Kxh7 24. g6+ Kg8 25. h6 f6 26. Nf4 Bxa2 27. hxg7
Kxg7 28. Nh5+ Kg8 29. Qh6 Nb3+ 30. Kc2 Qe7 31. Bxe6+ 1-0

[Event "I Weekend A"]
[Site "Civitanova Marche ITA"]
[Date "2011.07.22"]
[Round "2"]
[White "Mazzarini, Daniele"]
[Black "Pierantozzi, Stanislao"]
[WhiteElo "1813"]
[BlackElo "1971"]
[Result "1-0"]
[PlyCount "121"]
[EventDate "2011.07.22"]

1. d4 Nf6 2. c4 e6 3. Nf3 b6 4. g3 Bb7 5. Bg2 Bb4+ 6. Bd2 Be7 7. Nc3 d5 8. cxd5
exd5 9. O-O O-O 10. Rc1 Nbd7 11. Re1 h6 12. Nh4 Ne4 13. Nf5 Bf6 14. Bf4 Nxc3
15. bxc3 Re8 16. c4 Nf8 17. cxd5 Rc8 18. e4 Ng6 19. Bd2 Ne7 20. Nxe7+ Bxe7 21.
Bh3 Ra8 22. Qg4 Bc8 23. Qh5 Bxh3 24. Qxh3 a5 25. Qg4 Kh8 26. Rc6 Bf8 27. Bf4
Ra7 28. Qf3 Kg8 29. Rec1 Re7 30. d6 cxd6 31. Bxd6 Re6 32. Bxf8 Rxc6 33. Rxc6
Kxf8 34. Qc3 Ra8 35. Rc7 Kg8 36. Qc6 Rb8 37. d5 Qe8 38. d6 Qxc6 39. Rxc6 Kf8
40. Kf1 Ke8 41. Rc7 b5 42. Ke2 b4 43. Ra7 Rb5 44. Kd3 g5 45. Kc4 Re5 46. Kd4
Rb5 47. f4 b3 48. axb3 Rxb3 49. Rxa5 gxf4 50. gxf4 Rh3 51. Ra2 Kd7 52. e5 f6
53. Ra7+ Ke6 54. Re7+ Kf5 55. d7 Rxh2 56. Rf7 Kxf4 57. Rxf6+ Kg4 58. Rd6 h5 59.
d8=Q h4 60. Rg6+ Kh3 61. Qd7# 1-0

[Event "I Weekend A"]
[Site "Civitanova Marche ITA"]
[Date "2011.07.22"]
[Round "2"]
[White "Palmitessa, Chiara"]
[Black "Laketic, Gojko"]
[WhiteElo "1938"]
[BlackElo "2439"]
[Result "0-1"]
[PlyCount "54"]
[EventDate "2011.07.22"]

1. e4 Nf6 2. e5 Nd5 3. d4 d6 4. c4 Nb6 5. exd6 cxd6 6. Nc3 g6 7. Be3 Bg7 8. Rc1
O-O 9. b3 Bf5 10. Bd3 Bxd3 11. Qxd3 e6 12. Nge2 Nc6 13. O-O d5 14. c5 Nc8 15.
a3 a6 16. b4 b5 17. cxb6 Nxb6 18. Nb1 Qd7 19. Nd2 Na7 20. Qxa6 Qb5 21. Qa5 Qxe2
22. Qxb6 Nb5 23. Nf3 Nxa3 24. Ne5 Bxe5 25. dxe5 Nc4 26. Qd4 Nxe3 27. fxe3 Ra2
0-1

[Event "I Weekend A"]
[Site "Civitanova Marche ITA"]
[Date "2011.07.22"]
[Round "2"]
[White "Varvaglione, Antonio"]
[Black "Giancotti, Eraldo"]
[WhiteElo "1936"]
[BlackElo "2070"]
[Result "0-1"]
[PlyCount "100"]
[EventDate "2011.07.22"]

1. e4 d6 2. Nf3 g6 3. d4 Nf6 4. Nc3 Bg7 5. h3 O-O 6. Be3 a6 7. Qd2 b5 8. Bd3
Bb7 9. Bh6 b4 10. Bxg7 Kxg7 11. Ne2 Nxe4 12. Qxb4 Qc8 13. O-O Nf6 14. Nd2 Nbd7
15. c4 c5 16. Qc3 cxd4 17. Qxd4 Qc6 18. Be4 Qc7 19. Bxb7 Qxb7 20. Rad1 Nc5 21.
b3 a5 22. Nc3 Ne6 23. Qe3 Rfb8 24. Rfe1 Rc8 25. Nde4 Nxe4 26. Qxe4 Qxe4 27.
Rxe4 Kf8 28. Rde1 Rcb8 29. f4 Rb7 30. g4 Nc5 31. R4e3 a4 32. bxa4 Nxa4 33. Nd5
e6 34. Nf6 Kg7 35. Ne4 d5 36. cxd5 exd5 37. Nd6 Rd7 38. Ne8+ Kh8 39. Nf6 Rdd8
40. Rd3 d4 41. Re7 Kg7 42. Nd7 Nc3 43. Rxd4 Rxa2 44. Rd3 Ne2+ 45. Kf1 Nxf4 46.
Rf3 g5 47. h4 h6 48. hxg5 hxg5 49. Rfe3 Rh8 50. Kg1 Rg2+ 0-1

[Event "I Weekend A"]
[Site "Civitanova Marche ITA"]
[Date "2011.07.23"]
[Round "3"]
[White "Alessandrini, Giacomo"]
[Black "Allegranti, Luca"]
[WhiteElo "1959"]
[BlackElo "2025"]
[Result "1-0"]
[PlyCount "65"]
[EventDate "2011.07.22"]

1. e4 e6 2. d4 d5 3. Nc3 Nf6 4. Bg5 Bb4 5. e5 h6 6. Bd2 Bxc3 7. bxc3 Ne4 8. Qg4
g6 9. Nf3 c5 10. Bd3 Nxd2 11. Kxd2 Bd7 12. Rhb1 Bc6 13. Qf4 Nd7 14. h4 Qc7 15.
a4 f5 16. a5 O-O-O 17. Bb5 Nb8 18. dxc5 Qd7 19. Nd4 a6 20. Bd3 Qe7 21. Rb6 g5
22. Qf3 Qe8 23. Rab1 Qd7 24. Nxf5 d4 25. Rxc6+ Nxc6 26. Nd6+ Kb8 27. Rxb7+ Qxb7
28. Nxb7 dxc3+ 29. Kxc3 Kxb7 30. Be4 Rc8 31. Qf7+ Kb8 32. Qxe6 Nxa5 33. Qb6+
1-0

[Event "I Weekend A"]
[Site "Civitanova Marche ITA"]
[Date "2011.07.23"]
[Round "3"]
[White "Gattafoni, Alessio"]
[Black "Mandolini, Riccardo"]
[WhiteElo "1995"]
[BlackElo "2119"]
[Result "0-1"]
[PlyCount "36"]
[EventDate "2011.07.22"]

1. e4 Nc6 2. d4 e5 3. d5 Nce7 4. c4 Ng6 5. Nf3 Bc5 6. Be2 Nf6 7. Nc3 a6 8. O-O
O-O 9. a3 d6 10. b4 Ba7 11. Nd2 Bd4 12. Qc2 Nf4 13. Bf3 Bg4 14. Bxg4 Nxg4 15.
Nf3 Bxc3 16. Bxf4 Bxa1 17. Bg5 f6 18. h3 fxg5 0-1

[Event "I Weekend A"]
[Site "Civitanova Marche ITA"]
[Date "2011.07.23"]
[Round "3"]
[White "Giancotti, Eraldo"]
[Black "Mazzarini, Daniele"]
[WhiteElo "2070"]
[BlackElo "1813"]
[Result "1-0"]
[PlyCount "55"]
[EventDate "2011.07.22"]

1. Nf3 Nf6 2. d4 d5 3. e3 g6 4. c4 c6 5. Nbd2 Bg7 6. Bd3 O-O 7. O-O b6 8. Qc2
Nbd7 9. e4 dxc4 10. Bxc4 e6 11. e5 Nd5 12. Ne4 f6 13. exf6 N7xf6 14. Neg5 Bd7
15. Re1 Qc8 16. Ne5 Be8 17. Bd2 Nh5 18. Qb3 Bxe5 19. Rxe5 Ng7 20. Rae1 Bd7 21.
Qh3 h5 22. Bd3 Rf6 23. Ne4 Rf8 24. Bh6 Nf4 25. Qg3 Nxd3 26. Qxg6 Rf7 27. Ng5
Qf8 28. Qh7# 1-0

[Event "I Weekend A"]
[Site "Civitanova Marche ITA"]
[Date "2011.07.23"]
[Round "3"]
[White "Laketic, Gojko"]
[Black "Marsili, Riccardo"]
[WhiteElo "2439"]
[BlackElo "1962"]
[Result "1-0"]
[PlyCount "91"]
[EventDate "2011.07.22"]

1. d4 Nf6 2. Nf3 c5 3. d5 d6 4. Nc3 e5 5. e4 Be7 6. Bb5+ Bd7 7. a4 a6 8. Bxd7+
Nbxd7 9. a5 O-O 10. O-O Ne8 11. Qd3 g6 12. Bh6 Ng7 13. Nd2 Bg5 14. Bxg7 Kxg7
15. Nc4 Qe7 16. Ra3 f5 17. Rb3 Rab8 18. f3 Kh8 19. Nd1 Bh6 20. Nf2 f4 21. Nb6
Bg5 22. Nc4 h5 23. g3 Bh6 24. Kg2 g5 25. g4 h4 26. Nd1 Rfc8 27. Nc3 Bf8 28. Na4
Qd8 29. Nab6 Nxb6 30. Rxb6 Qc7 31. Rb1 Ra8 32. Qb3 Ra7 33. Kf1 Kh7 34. Qa4 Kh8
35. Ke2 Kh7 36. Rd1 Rd8 37. Rd3 Rd7 38. Rdb3 Kg8 39. Rc3 Rd8 40. Nd2 Qd7 41.
Qxd7 Rxd7 42. b4 cxb4 43. Rc8 Kf7 44. Nc4 Be7 45. Rxb4 Bd8 46. Nb6 1-0

[Event "I Weekend A"]
[Site "Civitanova Marche ITA"]
[Date "2011.07.23"]
[Round "3"]
[White "Pierantozzi, Stanislao"]
[Black "Sagripanti, Michele"]
[WhiteElo "1971"]
[BlackElo "1990"]
[Result "1-0"]
[PlyCount "73"]
[EventDate "2011.07.22"]

1. d4 Nf6 2. c4 Nc6 3. d5 Ne5 4. e4 e6 5. Qd4 Bb4+ 6. Bd2 Bxd2+ 7. Nxd2 d6 8.
O-O-O Ng6 9. h4 e5 10. Qe3 h5 11. f3 a6 12. Nb3 Bd7 13. g3 Qe7 14. Bh3 Rc8 15.
Bxd7+ Qxd7 16. Kb1 Qa4 17. Rc1 c5 18. Qc3 Qd7 19. Qa5 O-O 20. Qb6 Ra8 21. Na5
Rfb8 22. Nh3 Ne7 23. Ng5 Nc8 24. Qb3 Qc7 25. Qc3 Ne7 26. f4 Ng4 27. Rhf1 b5 28.
Nb3 bxc4 29. Qxc4 Ne3 30. Qe2 Nxf1 31. Qxh5 Ng6 32. Rxf1 c4 33. Qh7+ Kf8 34.
fxe5 Ke8 35. Qg8+ Kd7 36. Rxf7+ Ne7 37. e6# 1-0

[Event "I Weekend A"]
[Site "Civitanova Marche ITA"]
[Date "2011.07.23"]
[Round "3"]
[White "Vesce, Emanuele"]
[Black "Palmitessa, Chiara"]
[WhiteElo "1865"]
[BlackElo "1938"]
[Result "1-0"]
[PlyCount "65"]
[EventDate "2011.07.22"]

1. e4 e5 2. Nf3 Nc6 3. Bc4 Bc5 4. d4 Bxd4 5. Nxd4 Nxd4 6. Be3 Ne6 7. f4 Nf6 8.
O-O exf4 9. e5 fxe3 10. exf6 d5 11. fxg7 Rg8 12. Qf3 Rxg7 13. Bxd5 e2 14. Re1
c6 15. Bxe6 Bxe6 16. Nc3 Qb6+ 17. Kh1 O-O-O 18. a4 Rdg8 19. Rg1 Bg4 20. Qd3 Rd8
21. Qg3 Qd4 22. Qh4 Qd2 23. Qf6 Rg6 24. Qf2 Kb8 25. a5 Re6 26. Rge1 Bh5 27. a6
b6 28. Qg3+ Qd6 29. Qf2 Qd4 30. Qg3+ Qe5 31. Qh4 Kc7 32. Qc4 Qd4 33. Nb5+ 1-0

[Event "I Weekend A"]
[Site "Civitanova Marche ITA"]
[Date "2011.07.24"]
[Round "4"]
[White "Allegranti, Luca"]
[Black "Vesce, Emanuele"]
[WhiteElo "2025"]
[BlackElo "1865"]
[Result "1-0"]
[PlyCount "126"]
[EventDate "2011.07.22"]

1. d4 Nf6 2. Bg5 Ne4 3. Bf4 c5 4. f3 Nf6 5. dxc5 Nc6 6. e4 Qa5+ 7. Qd2 Qxc5 8.
Nc3 d6 9. O-O-O Be6 10. Nge2 g6 11. Nd5 Bxd5 12. exd5 Nb8 13. Nc3 Nbd7 14. Be3
Qa5 15. Kb1 a6 16. g4 Ne5 17. Be2 Rc8 18. g5 Nfd7 19. Qd4 Bg7 20. f4 O-O 21.
Qa4 Qxa4 22. Nxa4 Nc4 23. Bd4 Bxd4 24. Rxd4 Ne3 25. Nc3 Nf5 26. Rd2 Rc7 27. Bg4
Ne3 28. Bf3 Rc4 29. Re1 Nf5 30. Ne4 Nb6 31. b3 Rc7 32. Bg4 Ng7 33. c4 Nd7 34.
Rde2 f5 35. gxf6 Nxf6 36. Nxf6+ exf6 37. Be6+ Kh8 38. Bh3 Rff7 39. Kb2 f5 40.
Bf1 Kg8 41. Re3 Kf8 42. b4 Rfe7 43. Kc3 Rxe3+ 44. Rxe3 Re7 45. Kd4 Rxe3 46.
Kxe3 b6 47. c5 bxc5 48. bxc5 dxc5 49. Bxa6 Ke7 50. a4 Kd6 51. Bb7 Ne8 52. a5
Kc7 53. Bc6 Nd6 54. Kd3 Kb8 55. Kc3 Ka7 56. Kb3 Ka6 57. Ka4 g5 58. fxg5 f4 59.
Bd7 f3 60. Bg4 f2 61. Be2+ Ka7 62. h4 Ne4 63. Bd3 Nc3+ 1-0

[Event "I Weekend A"]
[Site "Civitanova Marche ITA"]
[Date "2011.07.24"]
[Round "4"]
[White "Giancotti, Eraldo"]
[Black "Laketic, Gojko"]
[WhiteElo "2070"]
[BlackElo "2439"]
[Result "0-1"]
[PlyCount "156"]
[EventDate "2011.07.22"]

1. c4 e5 2. g3 Nf6 3. Bg2 d5 4. cxd5 Nxd5 5. Nc3 Nb6 6. Nf3 Nc6 7. O-O Be7 8.
d3 O-O 9. Be3 Bg4 10. Rc1 Re8 11. Ne4 Nd4 12. Bxd4 exd4 13. Qc2 c6 14. Rfe1 Bb4
15. Ned2 Rc8 16. a3 Bf8 17. b4 c5 18. bxc5 Bxc5 19. Qa2 Na4 20. Ne4 Nc3 21.
Nxc3 dxc3 22. d4 Bxf3 23. Bxf3 Qxd4 24. e3 Qf6 25. Bxb7 Rb8 26. Qb3 Bb6 27. Qd5
Qe7 28. Bc6 Red8 29. Qc4 Ba5 30. Qa4 Qc5 31. Bf3 g6 32. Re2 Rb6 33. Ra2 Rdb8
34. Qd4 Qc7 35. h4 Rb2 36. Raa1 c2 37. Bd5 Rb1 38. Kg2 Rxa1 39. Qxa1 Bd2 40.
Bxf7+ Qxf7 41. Rxc2 Qd5+ 42. Kg1 Ba5 43. Qc1 Qf5 44. Kg2 Bb6 45. Qb2 Qd5+ 46.
Kh2 Rd8 47. Qc3 Qf7 48. Kg2 Qb7+ 49. Kh2 Qd5 50. Rc1 Qd2 51. Qc4+ Qd5 52. Qc3
Qd3 53. Qf6 Qd6 54. Qc3 Qe6 55. Kg1 Qe4 56. Qf6 Rf8 57. Qc3 Qd5 58. Qc2 Qe6 59.
Qc3 Rf7 60. Rc2 Qf6 61. Qb3 Kg7 62. Kg2 Qf3+ 63. Kg1 Rd7 64. Qc3+ Kh6 65. Rc1
Bc7 66. Qc5 Rf7 67. Qg5+ Kg7 68. Rf1 h5 69. Kh2 Bd6 70. Kg1 Rf5 71. Qd8 Bxg3
72. Qd4+ Be5 73. Qxa7+ Kh6 74. Qa4 Qh3 75. f4 Qg3+ 76. Kh1 Qxh4+ 77. Kg2 Qg4+
78. Kf2 Bxf4 0-1

[Event "I Weekend A"]
[Site "Civitanova Marche ITA"]
[Date "2011.07.24"]
[Round "4"]
[White "Mandolini, Riccardo"]
[Black "Alessandrini, Giacomo"]
[WhiteElo "2119"]
[BlackElo "1959"]
[Result "0-1"]
[PlyCount "104"]
[EventDate "2011.07.22"]

1. Nc3 Nf6 2. e4 e5 3. Nf3 Nc6 4. Bc4 Bc5 5. d3 d6 6. Be3 Bb6 7. a3 O-O 8. Qd2
Nd4 9. O-O-O c6 10. Bxd4 Bxd4 11. Bb3 b5 12. Ne2 Bxf2 13. Rhf1 Qb6 14. d4 Nxe4
15. Qd3 d5 16. Nxe5 Bh4 17. Kb1 Bf6 18. Ng3 Bxe5 19. Nxe4 dxe4 20. Qxe4 Bf6 21.
c3 Qd8 22. Qxc6 Bg4 23. Rd2 Qd7 24. Qa6 Rab8 25. Rdf2 Rb6 26. Qa5 Bh5 27. Ka1
Bg6 28. d5 h6 29. Qb4 Qd6 30. Qg4 Ra6 31. Ba2 b4 32. cxb4 Rxa3 33. Rxf6 Rxa2+
34. Kxa2 Qxd5+ 35. Ka1 gxf6 36. Rxf6 Qd3 37. Ka2 Kg7 38. Qh4 Re8 39. Rf3 Qb1+
40. Ka3 Re6 41. Qc4 Qa1+ 42. Kb3 Qd1+ 43. Ka3 Kh7 44. b5 Qd6+ 45. Kb3 Be4 46.
Rxf7+ Kg6 47. Qc7 Bd5+ 48. Kc2 Be4+ 49. Kc3 Qd3+ 50. Kb4 Qd4+ 51. Ka3 Bd5 52.
Re7 Qe3+ 0-1

[Event "I Weekend A"]
[Site "Civitanova Marche ITA"]
[Date "2011.07.24"]
[Round "4"]
[White "Marsili, Riccardo"]
[Black "Perogio, Lorenzo"]
[WhiteElo "1962"]
[BlackElo "1883"]
[Result "1-0"]
[PlyCount "69"]
[EventDate "2011.07.22"]

1. e4 e5 2. Nf3 Nc6 3. Bb5 Nf6 4. d4 Nxe4 5. O-O Nd6 6. Bxc6 dxc6 7. dxe5 Nf5
8. Qe2 Nd4 9. Nxd4 Qxd4 10. h3 Be6 11. Rd1 Qc4 12. Qxc4 Bxc4 13. Be3 Bb4 14.
Rd4 b5 15. b3 Bc5 16. bxc4 Bxd4 17. Bxd4 O-O-O 18. c3 b4 19. Kf1 c5 20. Bxc5
Rd1+ 21. Ke2 Rhd8 22. cxb4 Rg1 23. Bxa7 Rdd1 24. a4 Rxb1 25. Rxb1 Rxb1 26. Bc5
Rb3 27. Kd2 Kb7 28. a5 Kc6 29. Kc2 Ra3 30. Kb2 Rd3 31. a6 Rd2+ 32. Kb3 Re2 33.
Be3 Re1 34. b5+ Kd7 35. a7 1-0

[Event "I Weekend A"]
[Site "Civitanova Marche ITA"]
[Date "2011.07.24"]
[Round "4"]
[White "Varvaglione, Antonio"]
[Black "Mazzarini, Daniele"]
[WhiteElo "1936"]
[BlackElo "1813"]
[Result "0-1"]
[PlyCount "128"]
[EventDate "2011.07.22"]

1. e4 c6 2. d4 d5 3. exd5 cxd5 4. c4 Nf6 5. Nc3 e6 6. cxd5 Nxd5 7. Nf3 Be7 8.
Bd3 O-O 9. O-O Nc6 10. Re1 Bf6 11. Nxd5 exd5 12. Bb5 Bg4 13. Bxc6 bxc6 14. Be3
Qb6 15. Qb3 Bxf3 16. Qxb6 axb6 17. gxf3 Ra4 18. b3 Ra7 19. Rac1 Rc8 20. a4 Rac7
21. Bf4 Re7 22. Re3 Re6 23. Be5 Bxe5 24. Rxe5 Rxe5 25. dxe5 c5 26. Kf1 Kf8 27.
f4 g6 28. Ke2 Ke7 29. Kd3 Ke6 30. b4 Kf5 31. a5 c4+ 32. Kd4 bxa5 33. bxa5 Ra8
34. Ra1 Kxf4 35. Kxd5 c3 36. a6 c2 37. Ra4+ Kf5 38. Ra1 Rxa6 39. Rc1 Ra2 40.
Kd4 h5 41. Kc3 Kxe5 42. Kb3 Ra7 43. Rxc2 Rb7+ 44. Ka4 Kf4 45. Rc6 Kg4 46. Rc3
Kf4 47. Ka3 Re7 48. Kb4 Re2 49. Rc7 f5 50. Rg7 g5 51. h4 gxh4 52. Rg2 Kf3 53.
Rg5 Rxf2 54. Rxf5+ Kg3 55. Rg5+ Kh2 56. Kc3 h3 57. Kd3 Rg2 58. Rxh5 Rg3+ 59.
Ke2 Kg1 60. Rf5 h2 61. Rf1+ Kg2 62. Rf2+ Kh3 63. Rf1 Rg1 64. Rf3+ Kg4 0-1